<?xml version="1.0" encoding="UTF-8"?><?xml-stylesheet type="text/xsl" href="static/style.xsl"?><OAI-PMH xmlns="http://www.openarchives.org/OAI/2.0/" xmlns:xsi="http://www.w3.org/2001/XMLSchema-instance" xsi:schemaLocation="http://www.openarchives.org/OAI/2.0/ http://www.openarchives.org/OAI/2.0/OAI-PMH.xsd"><responseDate>2026-06-04T13:55:12Z</responseDate><request verb="GetRecord" identifier="oai:recam.amb.cat:20.500.14439/1796" metadataPrefix="marc">https://recam.amb.cat/rest/oai/request</request><GetRecord><record><header><identifier>oai:recam.amb.cat:20.500.14439/1796</identifier><datestamp>2025-01-22T11:25:16Z</datestamp><setSpec>com_20.500.14439_124</setSpec><setSpec>col_20.500.14439_136</setSpec></header><metadata><record xmlns="http://www.loc.gov/MARC21/slim" xmlns:dcterms="http://purl.org/dc/terms/" xmlns:xsi="http://www.w3.org/2001/XMLSchema-instance" xmlns:doc="http://www.lyncode.com/xoai" xsi:schemaLocation="http://www.loc.gov/MARC21/slim http://www.loc.gov/standards/marcxml/schema/MARC21slim.xsd">
   <leader>00925njm 22002777a 4500</leader>
   <datafield ind2=" " ind1=" " tag="042">
      <subfield code="a">dc</subfield>
   </datafield>
   <datafield ind2=" " ind1=" " tag="720">
      <subfield code="a">Àrea Metropolitana de Barcelona</subfield>
      <subfield code="e">author</subfield>
   </datafield>
   <datafield ind2=" " ind1=" " tag="260">
      <subfield code="c">2018-01-01</subfield>
   </datafield>
   <datafield ind2=" " ind1=" " tag="520">
      <subfield code="a">Document amb les conclusions de la Taula de Reactivació Econòmica i Reindustrialització de l'AMB. Aquesta taula està formada per un total de 400 participants (entre càrrecs electes, tècnics municipals, experts i professionals, agents socials i econòmics del territori, representants d'universitats i centres tecnològics i de recerca...) i s'ha fixat com a estratègies millorar els Polígons d'Activitat Econòmica, promoure la innovació, la transferència de tecnologia i el coneixement, enfortir els sectors amb més potencial industrial i valor afegit, potenciar el capital humà, disposar d'infraestructures adients i d'una logística avançada, definir nous instruments urbanístics i millorar la sostenibilitat tot lluitant contra el canvi climàtic.</subfield>
   </datafield>
   <datafield ind1="8" ind2=" " tag="024">
      <subfield code="a">https://hdl.handle.net/20.500.14439/1796</subfield>
   </datafield>
   <datafield ind1="8" ind2=" " tag="024">
      <subfield code="a">6886772</subfield>
   </datafield>
   <datafield ind1="8" ind2=" " tag="024">
      <subfield code="a">B 4331-2018</subfield>
   </datafield>
   <datafield tag="653" ind2=" " ind1=" ">
      <subfield code="a">Economia</subfield>
   </datafield>
   <datafield tag="653" ind2=" " ind1=" ">
      <subfield code="a">Industrialització</subfield>
   </datafield>
   <datafield ind2="0" ind1="0" tag="245">
      <subfield code="a">Estratègia per a la reactivació econòmica i la reindustrialització metropolitana de Barcelona: conclusions i propostes de la Taula de Reactivació Econòmica i Reindustralització de l'AMB</subfield>
   </datafield>
</record></metadata></record></GetRecord></OAI-PMH>